Verbs in European Languages - Statistics

General Stats
  • This quiz has been taken 180 times
  • The average score is 25 of 48
Answer Stats
English European % Correct
to be ser/estar
69%
to eat comer
67%
to speak hablar
66%
to eat manger
66%
to sing cantar
64%
to have tener
64%
to love amar
63%
to have haben
62%
to go ir
62%
to play jugar
62%
to be être
60%
to do hacer
60%
to want querer
60%
to know (sth.) saber
60%
to like aimer
58%
to write escribir
58%
to like gustar
58%
to think pensar
58%
to see ver
58%
to speak sprechen
57%
to eat essen
54%
to do faire
54%
to love lieben
54%
to speak parler
54%
to go aller
53%
to have avoir
52%
to know (sb.) conocer
52%
to do tun/machen
51%
to go gehen
50%
to sing singen
50%
to sing chanter
49%
to be sein
49%
to see sehen
48%
to play spielen
48%
to think penser
47%
to see voir
47%
to know (sth.) savoir
46%
to write schreiben
46%
to play jouer
45%
to want wollen
43%
to think denken
42%
to want vouloir
40%
to love adorer
38%
to write écrire
38%
to know (sth.) wissen
38%
to know (sb.) kennen
35%
to like mögen
34%
to know (sb.) connaître
32%
No matching quizzes found
Score Distribution
Percent of People with Each Score
Percentile by Number Answered
Your Score History
You have not taken this quiz